[Event "Superettan(Rockaden, Stockholm II-Wasa)"]
[Site "?"]
[Date "2025.03.07"]
[Round "7"]
[White "Sergelenbaatar, Khaschuluu"]
[Black "Gunnare, William"]
[Result "1-0"]
[WhiteElo "1954"]
[BlackElo "1901"]
[PlyCount "61"]
[SourceVersionDate "2025.03.30"]

1. e4 c5 2. Nf3 d6 3. g3 Nc6 4. Bg2 g6 5. O-O Bg7 6. c3 e5 7. Na3 Nge7 8. d4 exd4 9. cxd4 Nxd4 10. Nxd4 cxd4 11. Nc4 Qc7 12. Qa4+ Bd7 13. Qb4 O-O 14. Bf4 Nc6 15. Qxd6 Qxd6 16. Nxd6 Rab8 17. Rfd1 h6 18. h4 Ne5 19. Rac1 Bc6 20. Kf1 Rbd8 21. Rxd4 Rd7 22. Rcd1 Rfd8 23. R4d2 a6 24. b3 f6 25. Nc4 Nd3 26. Nb6 Rd4 27. Be3 R4d6 28. Nc4 Bb5 29. Nxd6 Rxd6 30. Kg1 Rd8 31. Bf1 1-0

[Event "Superettan(Farsta-Helsingborg)"]
[Site "?"]
[Date "2025.03.07"]
[Round "7"]
[White "Wisdahl, Peter"]
[Black "Nilsson Hask, Patrik"]
[Result "0-1"]
[WhiteElo "1996"]
[BlackElo "2143"]
[PlyCount "60"]
[SourceVersionDate "2025.04.04"]

1. Nf3 f5 2. d3 Nf6 3. e4 d6 4. Nc3 Nc6 5. exf5 Bxf5 6. d4 e5 7. Bb5 exd4 8. Nxd4 Bd7 9. O-O Nxd4 10. Qxd4 Bxb5 11. Nxb5 c6 12. Re1+ Kf7 13. Qe3 Qd7 14. Nd4 d5 15. Nf3 Bd6 16. Ng5+ Kf8 17. Ne6+ Kf7 18. Ng5+ Kf8 19. Ne6+ Kg8 20. Nd4 Bxh2+ 21. Kf1 Re8 22. Qg5 Rxe1+ 23. Kxe1 Bd6 24. Be3 Qg4 25. Nf5 Qxg5 26. Bxg5 Be5 27. Kf1 Kf7 28. f4 Bc7 29. g3 Ne4 30. Bh4 h6 0-1

[Event "Superettan(Lulea-Kristineberg)"]
[Site "?"]
[Date "2025.03.07"]
[Round "7"]
[White "Hald Falkesgaard, Jeppe"]
[Black "Ivanisevic, Ivan"]
[Result "1/2-1/2"]
[WhiteElo "2261"]
[BlackElo "2540"]
[PlyCount "111"]
[SourceVersionDate "2025.03.30"]

1. c4 e5 2. g3 Nc6 3. Bg2 f5 4. Nc3 Nf6 5. e3 e4 6. d3 Bb4 7. Nge2 d5 8. O-O dxc4 9. dxe4 fxe4 10. Nxe4 Nxe4 11. Bxe4 Qxd1 12. Rxd1 Ne5 13. Bd2 a5 14. a3 Bxd2 15. Rxd2 c6 16. a4 Bg4 17. Nd4 Rd8 18. f4 Nf7 19. Rc2 O-O 20. Bg2 Rfe8 21. Kf2 Nd6 22. h3 Bh5 23. g4 Bf7 24. Nf3 Ne4+ 25. Kg1 Nc5 26. Ne5 Nd3 27. Nxf7 Kxf7 28. Rxc4 Rxe3 29. b3 Ne1 30. Be4 Rd2 31. Rac1 Rg3+ 32. Kf1 Nf3 33. Bxf3 Rxf3+ 34. Ke1 Rb2 35. R1c3 Rxb3 36. Rxb3 Rxb3 37. Rc5 Rxh3 38. Rxa5 Rf3 39. Rf5+ Ke6 40. Ke2 Ra3 41. Ra5 Kd6 42. Ra8 Rg3 43. g5 g6 44. Rh8 Ke6 45. Rxh7 Rb3 46. a5 Rb5 47. Kf3 Rb1 48. Rg7 Rf1+ 49. Kg3 Kf5 50. Rf7+ Ke4 51. Re7+ Kd4 52. Rxb7 Rg1+ 53. Kf3 Rf1+ 54. Kg3 Rg1+ 55. Kf3 Rf1+ 56. Kg3 1/2-1/2

[Event "Superettan(Schack 08-Orgryte)"]
[Site "?"]
[Date "2025.03.07"]
[Round "7"]
[White "Rozentalis, Eduardas"]
[Black "Nyander, Joakim"]
[Result "1-0"]
[WhiteElo "2485"]
[BlackElo "2175"]
[PlyCount "91"]
[SourceVersionDate "2025.03.30"]

1. e4 d6 2. d4 Nf6 3. Nc3 e5 4. dxe5 dxe5 5. Qxd8+ Kxd8 6. Bg5 Nbd7 7. Bc4 Ke8 8. Nge2 a6 9. f3 h6 10. Bd2 Nb6 11. Bb3 Be6 12. Bxe6 fxe6 13. b3 Bd6 14. Nd1 Ke7 15. Nb2 Rhc8 16. Nd3 Nbd7 17. Be3 Nb8 18. a4 Nc6 19. O-O Nb4 20. Nxb4 Bxb4 21. c3 Bd6 22. Rfd1 Nd7 23. Ra2 Rd8 24. Kf2 b6 25. a5 Bc5 26. Nc1 Bxe3+ 27. Kxe3 Nc5 28. Rxd8 Kxd8 29. b4 Nd7 30. Nd3 Ke7 31. c4 Kd6 32. Kd2 Kc6 33. Kc3 Kd6 34. Rd2 Ke7 35. c5 bxc5 36. bxc5 c6 37. Rb2 Kd8 38. Kc4 Kc7 39. Nb4 Ra7 40. Rd2 Rb7 41. Nxa6+ Kc8 42. Rd6 Rb2 43. Rxc6+ Kd8 44. Nb4 Rb1 45. a6 Ra1 46. Kb5 1-0

[Event "Superettan(Lulea-Kristineberg)"]
[Site "?"]
[Date "2025.03.07"]
[Round "7"]
[White "Ernst, Thomas"]
[Black "Engstrom, Kaj"]
[Result "1-0"]
[WhiteElo "2270"]
[BlackElo "2171"]
[PlyCount "99"]
[SourceVersionDate "2025.03.30"]

1. d4 Nf6 2. c4 e6 3. Nc3 d5 4. Bg5 c6 5. e3 Nbd7 6. Nf3 Qa5 7. cxd5 exd5 8. Bd3 Ne4 9. O-O Nxg5 10. Nxg5 Nf6 11. f4 Be7 12. Qc2 h6 13. Nf3 O-O 14. Rae1 b5 15. Ne5 Bb7 16. g4 b4 17. Nd1 c5 18. g5 Ne4 19. Nf2 cxd4 20. Nxe4 Rac8 21. Qg2 dxe4 22. gxh6 Bf6 23. Bxe4 Bxe4 24. Qxe4 dxe3 25. Nd7 Bxb2 26. Nxf8 Rxf8 27. Rxe3 Rd8 28. Kh1 Qxa2 29. Qxb4 Qd5+ 30. Qe4 gxh6 31. Qxd5 Rxd5 32. Rb1 Rd2 33. Rg3+ Kf8 34. Rg2 Rxg2 35. Kxg2 Bd4 36. Rb7 Kg7 37. Rd7 Bc5 38. Rd5 Bb6 39. Kf3 Bg1 40. h3 Bb6 41. Ke4 Bg1 42. h4 Bb6 43. h5 Bg1 44. Rd6 Bb6 45. f5 Bc7 46. f6+ Kg8 47. Rc6 Ba5 48. Rc8+ Kh7 49. Rf8 Bc3 50. Kf5 1-0

[Event "Superettan(Schack 08-Orgryte)"]
[Site "?"]
[Date "2025.03.07"]
[Round "7"]
[White "Sternlund, Hakan"]
[Black "Frisk Kockum, Anton"]
[Result "0-1"]
[WhiteElo "2125"]
[BlackElo "2328"]
[PlyCount "106"]
[SourceVersionDate "2025.03.30"]

1. c4 g5 2. d4 Bg7 3. e4 c5 4. d5 d6 5. Qc2 h6 6. Nc3 Nd7 7. Nge2 Ngf6 8. Ng3 Ne5 9. Be2 Bd7 10. Bd2 Qc7 11. h3 e6 12. O-O O-O-O 13. b3 Rde8 14. Rad1 Rhg8 15. Nh5 Ng6 16. dxe6 fxe6 17. Nxf6 Bxf6 18. Bh5 Be5 19. Ne2 Ref8 20. Bxg6 Rxg6 21. Bc3 Bc6 22. Bxe5 dxe5 23. Nc3 a6 24. Qd3 g4 25. hxg4 Rxg4 26. f3 Rg6 27. Rf2 h5 28. Rdd2 h4 29. Qd6 Qxd6 30. Rxd6 Kc7 31. Rd3 b5 32. cxb5 axb5 33. Nd1 Rgg8 34. Rfd2 Ra8 35. Rb2 Rgd8 36. Rxd8 Rxd8 37. Nf2 Kb6 38. Kh2 Ka5 39. a3 c4 40. bxc4 bxc4 41. Ng4 Bb5 42. Nxe5 c3 43. Rc2 Rc8 44. Kh3 Ka4 45. Kxh4 Kb3 46. Rc1 Kb2 47. Re1 c2 48. a4 Ba6 49. g4 Rd8 50. Rg1 Be2 51. Re1 Bd1 52. Nc4+ Kc3 53. Ne3 c1=Q 0-1

[Event "Superettan(Lulea-Kristineberg)"]
[Site "?"]
[Date "2025.03.07"]
[Round "7"]
[White "Dimovski, Mende"]
[Black "Mikheev, Stanislav"]
[Result "1/2-1/2"]
[WhiteElo "2106"]
[BlackElo "2206"]
[PlyCount "35"]
[SourceVersionDate "2025.03.30"]

1. e4 c5 2. Nf3 Nc6 3. Bb5 d6 4. O-O Bd7 5. Re1 Nf6 6. c3 a6 7. Bf1 Bg4 8. d4 cxd4 9. cxd4 e5 10. d5 Nd4 11. Nbd2 Rc8 12. Bd3 Nh5 13. Qa4+ Bd7 14. Qa3 Nc2 15. Bxc2 Rxc2 16. Qb3 Qc7 17. Nf1 Rc4 18. Bd2 1/2-1/2

[Event "Superettan(Schack 08-Orgryte)"]
[Site "?"]
[Date "2025.03.07"]
[Round "7"]
[White "Arnelind, Mikael"]
[Black "Karlsson, Tomas"]
[Result "1/2-1/2"]
[WhiteElo "2188"]
[BlackElo "2242"]
[PlyCount "124"]
[SourceVersionDate "2025.03.30"]

1. d4 d5 2. c4 e6 3. Nc3 a6 4. cxd5 exd5 5. Bf4 Nf6 6. e3 Bd6 7. Bxd6 Qxd6 8. Bd3 O-O 9. Nge2 Re8 10. Qc2 Nc6 11. a3 Bg4 12. O-O Bxe2 13. Bxe2 Ne7 14. Rac1 c6 15. Na4 Nc8 16. Nc5 Qe7 17. Bd3 Nd6 18. Rfe1 g6 19. Rf1 Nh5 20. Rce1 f5 21. f3 Qg7 22. Qf2 Nf6 23. Bb1 Re7 24. Ba2 Kh8 25. Qg3 Rd8 26. Nd3 Nh5 27. Qh4 Nf6 28. Ne5 Rde8 29. Bb1 Nd7 30. f4 Nf6 31. Re2 Nfe4 32. Kh1 Qf6 33. Qxf6+ Nxf6 34. Rc1 Kg7 35. Bd3 Nf7 36. Kg1 Nd7 37. Rec2 Nfxe5 38. fxe5 Rc8 39. Be2 Nb6 40. Kf2 Rf7 41. g3 Rfc7 42. b3 Kf7 43. g4 Nd7 44. gxf5 gxf5 45. Bd3 Ke6 46. Rg1 Nf8 47. Rg5 Rf7 48. Kg3 Ng6 49. Rf2 Rcf8 50. Kg2 a5 51. a4 Ne7 52. Rf4 Ng6 53. Rf2 b6 54. Kf1 Ne7 55. Rh5 Rg8 56. Rh6+ Rg6 57. Rh5 c5 58. h3 Rg8 59. Rh6+ Rg6 60. Rh5 Rg8 61. Rh6+ Rg6 62. Rh5 Rg8 1/2-1/2

[Event "Superettan(Lulea-Kristineberg)"]
[Site "?"]
[Date "2025.03.07"]
[Round "7"]
[White "Wulkan, Martin"]
[Black "Petkovic, Peter"]
[Result "1-0"]
[WhiteElo "2223"]
[BlackElo "2042"]
[PlyCount "116"]
[EventDate "2025.??.??"]
[SourceVersionDate "2025.03.30"]

1. d4 f5 2. Nf3 g6 3. h4 h6 4. Ne5 c6 5. Nxg6 Rh7 6. Nxf8 Kxf8 7. Nc3 Nf6 8. Bf4 Qb6 9. Rb1 d6 10. Qd2 h5 11. e3 Be6 12. f3 Nbd7 13. a3 Bf7 14. Bg5 Re8 15. Bd3 Bg6 16. O-O Rf7 17. Na4 Qc7 18. e4 Nh7 19. Bh6+ Kg8 20. Rbe1 b5 21. Nc3 Qb6 22. Be3 f4 23. Bf2 Qc7 24. e5 Bxd3 25. Qxd3 Rg7 26. Qf5 d5 27. Qxf4 Kh8 28. Kh2 Reg8 29. g3 Ndf8 30. Rg1 e6 31. Ne2 Qe7 32. Qh6 Qf7 33. Nf4 Qf5 34. Re2 Ng6 35. Nxg6+ Rxg6 36. Qe3 Nf8 37. Qd3 Qf7 38. Be1 Nd7 39. Bd2 a6 40. Bg5 Rf8 41. f4 c5 42. c3 Rc8 43. Rf1 cxd4 44. cxd4 Qf5 45. Qxf5 exf5 46. e6 Nb6 47. e7 Re8 48. Re5 Nc4 49. Rxf5 Kg7 50. Re1 Nxb2 51. Rxd5 Nd3 52. Re2 Kf7 53. Rd8 b4 54. axb4 Nxb4 55. d5 Nd3 56. d6 Nc5 57. Re5 Ne6 58. Rf5+ Rf6 1-0

[Event "Superettan(Schack 08-Orgryte)"]
[Site "?"]
[Date "2025.03.07"]
[Round "7"]
[White "Bjorkeroth, Johan"]
[Black "Troberg Eskola, Love"]
[Result "1/2-1/2"]
[WhiteElo "2095"]
[BlackElo "2086"]
[PlyCount "143"]
[SourceVersionDate "2025.03.30"]

1. e4 c6 2. d4 d5 3. Nc3 dxe4 4. Nxe4 h6 5. Nf3 Bf5 6. Ng3 Bh7 7. Bd3 Bxd3 8. Qxd3 e6 9. O-O Nd7 10. c4 Ngf6 11. Re1 Be7 12. Bf4 O-O 13. Rad1 Re8 14. Re2 Qa5 15. a3 b5 16. Rc2 bxc4 17. Rxc4 Nd5 18. Bc1 Rac8 19. Ne4 N7b6 20. Rc2 Qb5 21. Ne5 f6 22. Nxc6 Qxd3 23. Rxd3 Bf8 24. Rdd2 f5 25. Ng3 Rc7 26. Ne5 Rec8 27. Rxc7 Rxc7 28. Ne2 Nf4 29. Nd3 Nbd5 30. Nexf4 Nxf4 31. Nc5 e5 32. g3 exd4 33. b4 Bxc5 34. bxc5 Rxc5 35. Bb2 Ne6 36. Bxd4 Nxd4 37. Rxd4 Ra5 38. a4 Kf7 39. f4 Ke6 40. Kf2 Rc5 41. h4 Rc2+ 42. Ke3 Ra2 43. Rb4 Ra3+ 44. Kf2 g6 45. h5 gxh5 46. Rb7 h4 47. Rxa7 hxg3+ 48. Kg2 Kf6 49. Ra8 Kg6 50. Rg8+ Kh5 51. Rxg3 Rxa4 52. Rh3+ Kg4 53. Rxh6 Ra2+ 54. Kf1 Kg3 55. Rb6 Ra1+ 56. Ke2 Kxf4 57. Rb3 Rh1 58. Kf2 Rh2+ 59. Kf1 Kg4 60. Rb4+ f4 61. Rb3 Rh1+ 62. Kf2 Rd1 63. Ra3 Rd8 64. Rb3 Rd4 65. Ra3 Rd2+ 66. Kf1 Rb2 67. Rc3 Kf5 68. Ra3 Ke4 69. Ra4+ Kf3 70. Ra3+ Kg4 71. Rc3 f3 72. Rc8 1/2-1/2

[Event "Superettan(Lulea-Kristineberg)"]
[Site "?"]
[Date "2025.03.07"]
[Round "7"]
[White "Gustafsson, Simon"]
[Black "Hovhannisyan, Hrayr"]
[Result "0-1"]
[WhiteElo "1990"]
[BlackElo "2238"]
[PlyCount "58"]
[SourceVersionDate "2025.03.30"]

1. c4 c5 2. g3 Nc6 3. Bg2 g6 4. Nc3 Bg7 5. e4 d6 6. Nge2 e6 7. O-O Nge7 8. d3 O-O 9. Be3 Nd4 10. Qd2 Qa5 11. f4 Nec6 12. g4 f5 13. gxf5 exf5 14. Ng3 Rb8 15. Rae1 Bd7 16. a3 Qd8 17. Nd5 b5 18. b4 cxb4 19. axb4 fxe4 20. Bxe4 Bh3 21. Bg2 Bxg2 22. Kxg2 Nf5 23. Bg1 Kh8 24. Ne4 Qd7 25. Kh1 Nh4 26. Ng5 Qg4 27. Ne6 Rfe8 28. Nxg7 Rxe1 29. Rxe1 Qf3+ 0-1

[Event "Superettan(Schack 08-Orgryte)"]
[Site "?"]
[Date "2025.03.07"]
[Round "7"]
[White "Anderzen, Robert"]
[Black "Faldt, Magnus"]
[Result "1-0"]
[WhiteElo "2073"]
[BlackElo "2140"]
[PlyCount "115"]
[SourceVersionDate "2025.03.30"]

1. d4 d5 2. c4 e6 3. Nc3 Nf6 4. cxd5 exd5 5. Bg5 c6 6. Qc2 Be7 7. e3 O-O 8. Bd3 Nbd7 9. Nf3 Re8 10. O-O h6 11. Bf4 Nf8 12. Rab1 a5 13. a3 Bd6 14. Bxd6 Qxd6 15. b4 axb4 16. axb4 Be6 17. Na4 N8d7 18. Nc5 b6 19. Nxd7 Nxd7 20. Rfc1 Rec8 21. Qc3 c5 22. dxc5 bxc5 23. bxc5 Nxc5 24. h3 Nxd3 25. Qxd3 Rxc1+ 26. Rxc1 Qa3 27. Qxa3 Rxa3 28. Nd4 Kf8 29. Rc7 Ra6 30. g4 Ke8 31. Kg2 Bd7 32. Rc5 Rd6 33. Ra5 Ke7 34. f4 Kf6 35. Kg3 g5 36. h4 Bc8 37. Ra8 Bd7 38. Rg8 gxh4+ 39. Kxh4 Ra6 40. Rh8 Ra3 41. Rxh6+ Ke7 42. Rh5 Rxe3 43. Rxd5 f6 44. Nf5+ Bxf5 45. Rxf5 Rf3 46. Kh5 Rg3 47. g5 fxg5 48. fxg5 Ra3 49. Kg6 Ra6+ 50. Kg7 Ra1 51. Re5+ Kd7 52. g6 Rh1 53. Kg8 Kd6 54. Re4 Rh2 55. g7 Rh1 56. Kf7 Rf1+ 57. Kg6 Rg1+ 58. Kf6 1-0

[Event "Superettan(Wasa II-Farsta)"]
[Site "?"]
[Date "2025.01.19"]
[Round "6"]
[White "Lindeman, Sven"]
[Black "Lind Berteusen, Alvin"]
[Result "1-0"]
[WhiteElo "2172"]
[BlackElo "2086"]
[PlyCount "141"]
[SourceVersionDate "2025.02.09"]

1. e4 c5 2. Nf3 e6 3. d3 d5 4. Nbd2 Nc6 5. g3 g6 6. Bg2 Bg7 7. O-O Nf6 8. exd5 Nxd5 9. Nb3 b6 10. c4 Nde7 11. d4 Ba6 12. Qd3 Rc8 13. Nbd2 cxd4 14. Qa3 Bb7 15. Ne4 O-O 16. Nd6 Rc7 17. Nxb7 Rxb7 18. Bf4 Rd7 19. Rfe1 Qc8 20. h4 h6 21. b3 Re8 22. Rad1 Qd8 23. Qc1 Nf5 24. g4 Nfe7 25. Bxh6 Qc7 26. Bxg7 Kxg7 27. h5 e5 28. Ng5 Ng8 29. hxg6 f6 30. Nf3 Nce7 31. Nh4 Nxg6 32. Nf5+ Kf8 33. Be4 Qc5 34. Nd6 Qxd6 35. Bxg6 Ree7 36. Bf5 Rd8 37. Rd3 Rde8 38. Re4 Rg7 39. Rg3 Rg5 40. Qf1 Qc6 41. Re1 Ne7 42. Be4 Qe6 43. Qh3 Qg8 44. Rc1 Ng6 45. Qf1 Nf4 46. Qd1 Kg7 47. b4 Rc8 48. Qc2 Rc7 49. c5 Qc8 50. Bf5 Qa6 51. Qc4 Qxc4 52. Rxc4 Ne2+ 53. Kg2 b5 54. Rc2 Nxg3 55. Kxg3 Kf8 56. Kf3 Rg8 57. Ke4 Rh8 58. Kd5 Ke7 59. c6 Rd8+ 60. Kc5 a6 61. f3 Rh8 62. Re2 Rh3 63. Be4 Rh1 64. Kb6 Kd6 65. Rc2 Rd1 66. Rc5 Rc8 67. Rd5+ Ke7 68. Kb7 Rxc6 69. Kxc6 Rd2 70. Rd7+ Ke8 71. Kd6 1-0

[Event "Superettan(Vasteras-Rockaden,Sthlm II)"]
[Site "?"]
[Date "2025.01.19"]
[Round "6"]
[White "Willstedt, Lukas"]
[Black "Eriksson, Anders"]
[Result "1-0"]
[WhiteElo "2060"]
[BlackElo "2136"]
[PlyCount "101"]
[SourceVersionDate "2025.02.09"]

1. d4 Nf6 2. Nf3 e6 3. c4 Bb4+ 4. Nbd2 O-O 5. a3 Be7 6. g3 d5 7. Bg2 b6 8. O-O Bb7 9. Ne5 c5 10. e3 cxd4 11. exd4 Qc7 12. b3 dxc4 13. Bxb7 Qxb7 14. bxc4 Nc6 15. Qf3 Rac8 16. Nb3 Qc7 17. Nd3 Nb8 18. Nb2 Nbd7 19. Bf4 Bd6 20. Be3 Rfe8 21. Rfc1 Qc6 22. Qxc6 Rxc6 23. f3 a6 24. Kf2 Kf8 25. Nd3 Ra8 26. c5 Be7 27. Nb4 Rcc8 28. Ra2 a5 29. Nd3 a4 30. Nd2 Nd5 31. Rac2 Ke8 32. Ne4 bxc5 33. dxc5 Nxe3 34. Kxe3 Ra6 35. Nb4 Ra5 36. Nd6+ Bxd6 37. cxd6 Rac5 38. Kd4 Rxc2 39. Rxc2 Rxc2 40. Nxc2 f6 41. f4 e5+ 42. Kd5 exf4 43. gxf4 g5 44. f5 h5 45. Ke6 g4 46. Ne3 Ne5 47. Kxf6 Nf3 48. Kg7 Ne5 49. f6 Kd7 50. Nc4 Nxc4 51. f7 1-0

[Event "Superettan(Orgryte-Kristineberg)"]
[Site "?"]
[Date "2025.01.19"]
[Round "6"]
[White "Abedinov, Adnan"]
[Black "Kleimark, Anders"]
[Result "1-0"]
[WhiteElo "2158"]
[BlackElo "1961"]
[PlyCount "117"]
[SourceVersionDate "2025.02.10"]

1. e4 e5 2. Nf3 Nc6 3. Nc3 Nf6 4. g3 d5 5. exd5 Nxd5 6. Bg2 Nxc3 7. bxc3 Bd6 8. O-O O-O 9. Rb1 Rb8 10. d4 b6 11. Nd2 Ne7 12. Re1 exd4 13. cxd4 Be6 14. c4 c5 15. d5 Bf5 16. Rb3 Qd7 17. Ne4 Nc8 18. Bb2 f6 19. Rbe3 b5 20. cxb5 Rxb5 21. Nxd6 Nxd6 22. Rb3 Re8 23. Ba3 Rc8 24. h4 a5 25. Kh2 Bg4 26. f3 Bh5 27. Bh3 f5 28. Rbe3 Re8 29. Qc1 Rxe3 30. Rxe3 Qf7 31. Re6 Ne8 32. Qg5 h6 33. Qxf5 Qxf5 34. Bxf5 c4 35. Be4 Bf7 36. Re7 Nf6 37. d6 Bd5 38. d7 Nxd7 39. Rxd7 Bxe4 40. fxe4 Rb1 41. h5 Re1 42. Kh3 c3 43. Rc7 Rxe4 44. Rxc3 Re2 45. Rc5 Rxa2 46. Rxa5 Re2 47. Ra7 Ra2 48. Bc5 Rd2 49. Be3 Rd5 50. Kg4 Kh7 51. Bf4 Rb5 52. Re7 Rb4 53. Kf5 Rb5+ 54. Be5 Kh8 55. g4 Ra5 56. Kf4 Ra4+ 57. Kg3 Ra3+ 58. Kh4 Ra4 59. Bxg7+ 1-0

[Event "Superettan(Wasa II-Farsta)"]
[Site "?"]
[Date "2025.01.19"]
[Round "6"]
[White "Gunnare, William"]
[Black "Lyu, Tianmin"]
[Result "0-1"]
[WhiteElo "1901"]
[BlackElo "2036"]
[PlyCount "98"]
[SourceVersionDate "2025.02.09"]

1. d4 Nf6 2. c4 g6 3. Nc3 Bg7 4. e4 d6 5. Be2 O-O 6. Be3 e5 7. d5 a5 8. g4 c6 9. g5 Ne8 10. h4 f5 11. f3 Na6 12. a3 Rb8 13. Ba7 Ra8 14. Be3 f4 15. Bf2 h6 16. gxh6 Bxh6 17. Bf1 Kf7 18. Bh3 Bg7 19. Bxc8 Rxc8 20. Qb3 c5 21. Qxb7+ Nac7 22. Qb3 Rb8 23. Nb5 Nxb5 24. cxb5 Rh8 25. Nh3 Bf6 26. Ke2 a4 27. Qxa4 Nc7 28. Rac1 Nxb5 29. Qc4 Bxh4 30. Bxh4 Qxh4 31. Rcg1 Nd4+ 32. Kd1 Rxb2 33. Kc1 Rc2+ 34. Qxc2 Nxc2 35. Ng5+ Qxg5 36. Rxg5 Rxh1+ 37. Kxc2 Rh3 38. Rg1 Rxf3 39. Ra1 Re3 40. a4 Rxe4 41. a5 Rb4 42. a6 Rb8 43. a7 Ra8 44. Kd3 g5 45. Ke4 g4 46. Ra6 Ke7 47. Kf5 g3 48. Ke4 g2 49. Ra1 Kf6 0-1

[Event "Superettan(Vasteras-Rockaden,Sthlm II)"]
[Site "?"]
[Date "2025.01.19"]
[Round "6"]
[White "Nordebrink, Johan"]
[Black "Bergman, Nils"]
[Result "1-0"]
[WhiteElo "2048"]
[BlackElo "2020"]
[PlyCount "75"]
[SourceVersionDate "2025.02.09"]

1. e4 Nf6 2. e5 Nd5 3. c4 Nb6 4. c5 Nd5 5. Nc3 e6 6. Qg4 Nc6 7. Nf3 d6 8. Bb5 dxc5 9. Bxc6+ bxc6 10. O-O Nb4 11. d4 c4 12. Bg5 Qd7 13. a3 Nd5 14. Nd2 Nxc3 15. bxc3 Qd5 16. Ne4 h5 17. Qh4 Rb8 18. Rfb1 Rb6 19. Ng3 Bb7 20. Qh3 c5 21. Rd1 Be7 22. dxc5 Qxc5 23. Nxh5 Rxh5 24. Qxh5 Bxg5 25. Qxg5 Bd5 26. Qxg7 Rb2 27. Qh8+ Ke7 28. Qf6+ Ke8 29. h4 Qe7 30. Rab1 Qxa3 31. Ra1 Ra2 32. Rac1 Qf8 33. Rb1 Kd7 34. h5 Qg8 35. Rxd5+ exd5 36. h6 Qh7 37. Rb8 Ra1+ 38. Kh2 1-0

[Event "Superettan(Orgryte-Kristineberg)"]
[Site "?"]
[Date "2025.01.19"]
[Round "6"]
[White "Rasmussen, Rogvi Winthereig"]
[Black "Anderzen, Robert"]
[Result "1/2-1/2"]
[WhiteElo "2153"]
[BlackElo "2073"]
[PlyCount "182"]
[EventDate "2025.??.??"]
[SourceVersionDate "2025.02.10"]

1. d4 Nf6 2. c4 g6 3. g3 Bg7 4. Bg2 O-O 5. Nc3 d6 6. Nf3 c6 7. O-O Qa5 8. d5 Qb4 9. Nd2 Bd7 10. Rb1 a5 11. a3 Qb6 12. b3 Na6 13. Bb2 cxd5 14. cxd5 Nc5 15. Ba1 Bf5 16. e4 Bg4 17. Qc2 Qa6 18. Rfc1 Be2 19. Nxe2 Qxe2 20. Bf3 Qa6 21. e5 Nfd7 22. b4 axb4 23. axb4 Na4 24. exd6 exd6 25. Bxg7 Kxg7 26. Ne4 Rfc8 27. Qd2 Qb6 28. Qf4 Rxc1+ 29. Rxc1 Qxb4 30. Qxd6 Qxd6 31. Nxd6 Nac5 32. Rb1 b6 33. Nc4 Rb8 34. Rb5 Kf6 35. Bg4 Ne5 36. Ne3 Nxg4 37. Nxg4+ Ke7 38. Ne3 Kd7 39. Nc4 Kc7 40. Kg2 Nd7 41. Kf3 Re8 42. h4 Re1 43. Ne3 Ra1 44. Rb2 Kd6 45. Ke2 Ra4 46. Kd3 f5 47. Nc4+ Kc5 48. Ne3 Ne5+ 49. Ke2 f4 50. Rc2+ Kd6 51. gxf4 Rxf4 52. Rb2 Nd7 53. Rc2 Rxh4 54. Rc6+ Ke7 55. Re6+ Kd8 56. Rc6 b5 57. Ra6 Ra4 58. Rd6 Kc7 59. Rc6+ Kb7 60. Re6 Rh4 61. f4 b4 62. Re4 b3 63. Rb4+ Kc7 64. Rxb3 Rxf4 65. Ra3 Rh4 66. Ra6 Ne5 67. Re6 Rh2+ 68. Kf1 Nf3 69. Nc4 Kd8 70. Nd6 Rd2 71. Rf6 Ne5 72. Nf7+ Nxf7 73. Rxf7 Rh2 74. Rg7 Ke8 75. Kg1 Rh5 76. d6 g5 77. Kg2 h6 78. Kf3 Rh4 79. Kg3 Rh1 80. Kg4 h5+ 81. Kf5 Rf1+ 82. Ke6 Re1+ 83. Kd5 g4 84. d7+ Kd8 85. Kd6 Rd1+ 86. Kc6 Rd4 87. Rh7 Rc4+ 88. Kd6 Rd4+ 89. Kc6 Rc4+ 90. Kd6 Rd4+ 91. Kc6 Rc4+ 1/2-1/2

[Event "Superettan(Lulea-Schack 08)"]
[Site "?"]
[Date "2025.01.19"]
[Round "6"]
[White "Karlsson, Tomas"]
[Black "Ivanisevic, Ivan"]
[Result "1/2-1/2"]
[WhiteElo "2242"]
[BlackElo "2540"]
[PlyCount "158"]
[SourceVersionDate "2025.02.09"]

1. e4 e5 2. Nf3 Nc6 3. Bb5 a6 4. Ba4 Bc5 5. c3 Ba7 6. O-O Nge7 7. d3 O-O 8. Be3 d6 9. Nbd2 Ng6 10. Bxa7 Nxa7 11. Qe2 Nf4 12. Qe3 Qf6 13. Kh1 b6 14. g3 Ne6 15. Nh4 Bb7 16. Bb3 Rad8 17. c4 Nc6 18. Bd1 b5 19. Kg1 Ncd4 20. Nhf3 bxc4 21. Nxc4 Nxf3+ 22. Bxf3 Nd4 23. Bd1 Qe6 24. Na5 Ba8 25. Nb3 Nc6 26. Nd2 d5 27. Bb3 Nd4 28. Rac1 Qb6 29. Rfe1 f5 30. f3 f4 31. gxf4 Rxf4 32. Kh1 Nxb3 33. axb3 Qd6 34. Re2 Bc6 35. Qc5 Bb5 36. Qxd5+ Qxd5 37. exd5 Rxd5 38. Re3 Bxd3 39. Rxc7 Bf5 40. Re2 Bh3 41. Kg1 e4 42. Rxe4 Rg5+ 43. Kf2 Rg2+ 44. Ke3 Rxe4+ 45. Nxe4 Rxb2 46. Nc5 Bf1 47. h4 Rh2 48. Ra7 h5 49. Nxa6 Rxh4 50. Nc5 Rh2 51. Ra1 Bb5 52. Ne4 Kh7 53. Ra5 Be8 54. Re5 Bg6 55. Nf2 Rg2 56. b4 Rg1 57. Nh3 Rb1 58. Nf4 Bf7 59. Rf5 Kg8 60. Nxh5 g6 61. Rg5 Rb3+ 62. Kf2 Rxb4 63. Ng3 Kg7 64. Ne4 Be6 65. Re5 Bf5 66. Re8 Bxe4 67. fxe4 Kf7 68. Rc8 Rxe4 69. Kg2 Kf6 70. Rc5 Rb4 71. Ra5 g5 72. Kg3 Kg6 73. Kg2 Kh5 74. Kg1 Kh4 75. Ra1 g4 76. Rc1 Kh3 77. Ra1 Rb2 78. Rc1 g3 79. Ra1 Rg2+ 1/2-1/2

[Event "Superettan(Skara-Helsingborg)"]
[Site "?"]
[Date "2025.01.19"]
[Round "6"]
[White "Beerdsen, Thomas"]
[Black "Djurhuus, Rune"]
[Result "1-0"]
[WhiteElo "2501"]
[BlackElo "2375"]
[PlyCount "47"]
[SourceVersionDate "2025.02.09"]

1. e4 c5 2. Nf3 g6 3. d4 cxd4 4. Nxd4 Bg7 5. c4 Nc6 6. Be3 Nf6 7. Nc3 d6 8. Be2 O-O 9. Nc2 b6 10. O-O Bb7 11. Qd2 Rc8 12. b3 Qd7 13. Rfd1 Rfd8 14. Rac1 Ng4 15. Bf4 f5 16. exf5 Qxf5 17. Nd5 e6 18. h3 Nxf2 19. Kxf2 exd5 20. Bg4 Qf7 21. cxd5 Bc3 22. Qxc3 Qxf4+ 23. Kg1 Nd4 24. Qxd4 1-0

[Event "Superettan(Lulea-Schack 08)"]
[Site "?"]
[Date "2025.01.19"]
[Round "6"]
[White "Hermansson, Emil"]
[Black "Nyander, Joakim"]
[Result "1/2-1/2"]
[WhiteElo "2402"]
[BlackElo "2175"]
[PlyCount "31"]
[SourceVersionDate "2025.02.09"]

1. e4 d6 2. d4 Nf6 3. Bd3 e5 4. c3 d5 5. dxe5 Nxe4 6. Nf3 Nc6 7. Nbd2 Nc5 8. Bc2 d4 9. O-O Bg4 10. Nb3 dxc3 11. bxc3 Qxd1 12. Rxd1 Na4 13. Bd2 O-O-O 14. Na5 Nxa5 15. Bxa4 Ba3 16. Bg5 1/2-1/2

[Event "Superettan(Skara-Helsingborg)"]
[Site "?"]
[Date "2025.01.19"]
[Round "6"]
[White "Ronneland, Daniel"]
[Black "Semcesen, Daniel"]
[Result "0-1"]
[WhiteElo "2220"]
[BlackElo "2432"]
[PlyCount "83"]
[SourceVersionDate "2025.02.09"]

1. e4 e5 2. Nf3 Nc6 3. Bb5 Nf6 4. O-O Bc5 5. d3 d6 6. c3 O-O 7. h3 h6 8. Re1 a6 9. Ba4 Ba7 10. Nbd2 Ne7 11. Nf1 Ng6 12. Bc2 Re8 13. Ng3 b5 14. Nf5 d5 15. Be3 c5 16. Qc1 Re6 17. Bxh6 gxh6 18. Nxh6+ Kf8 19. Nf5 Ng8 20. Ng5 Bb7 21. Qe3 Nf4 22. Nh7+ Ke8 23. Ng7+ Ke7 24. Nxe6 Nxe6 25. Qg3 f6 26. exd5 Bxd5 27. c4 Bc6 28. Bd1 Qd4 29. Bf3 Bxf3 30. Qxf3 Rd8 31. Rad1 Qh4 32. Qe4 Qxe4 33. Rxe4 Kf7 34. b3 Kg7 35. Nxf6 Kxf6 36. Rde1 Bb8 37. R1e3 b4 38. Rf3+ Ke7 39. Rfe3 Nf6 40. Rh4 Kf7 41. g3 Nd4 42. g4 0-1

[Event "Superettan(Skara-Helsingborg)"]
[Site "?"]
[Date "2025.01.19"]
[Round "6"]
[White "Johansson, Per"]
[Black "Olsson Klevtorp, Fredric"]
[Result "0-1"]
[WhiteElo "1850"]
[BlackElo "1981"]
[PlyCount "88"]
[EventDate "2025.??.??"]
[SourceVersionDate "2025.02.09"]

1. d4 Nf6 2. Nc3 c5 3. d5 d6 4. Nf3 e5 5. e4 Be7 6. Be2 O-O 7. Nd2 Nbd7 8. a4 Re8 9. O-O Nf8 10. Nc4 Ng6 11. g3 Bh3 12. Re1 Qd7 13. Ne3 Qc8 14. f3 h5 15. Bf1 Bd7 16. Qd3 Rb8 17. b3 Bf8 18. Nc4 b6 19. Bd2 h4 20. Nb5 Bxb5 21. axb5 Rb7 22. Ra6 Qd7 23. Ne3 Nh5 24. Kf2 Be7 25. Nf5 Bf6 26. Bh3 Kh7 27. Kg2 Rh8 28. Nxg7 Qxh3+ 29. Kxh3 Kxg7 30. Kg2 hxg3 31. hxg3 Nxg3 32. Rea1 Nh5 33. Rg1 Kf8 34. Qc4 Nhf4+ 35. Kf1 Rh2 36. Bxf4 Nxf4 37. Ke1 Bh4+ 38. Kd1 Bf2 39. Rg4 Rh1+ 40. Kd2 Be1+ 41. Ke3 Rh2 42. Rxf4 exf4+ 43. Kxf4 Bf2 44. c3 Re7 0-1

[Event "Superettan(Lulea-Schack 08)"]
[Site "?"]
[Date "2025.01.19"]
[Round "6"]
[White "Sternlund, Hakan"]
[Black "Mikheev, Stanislav"]
[Result "1/2-1/2"]
[WhiteElo "2125"]
[BlackElo "2206"]
[PlyCount "27"]
[SourceVersionDate "2025.02.09"]

1. c4 Nf6 2. Nc3 c5 3. g3 Nc6 4. Bg2 g6 5. Nf3 Bg7 6. d4 cxd4 7. Nxd4 Nxd4 8. Qxd4 d6 9. b3 O-O 10. Bb2 Qa5 11. Qd2 a6 12. Nd5 Qxd2+ 13. Kxd2 Nxd5 14. Bxg7 1/2-1/2